000
00307nam a22001337a 4500
008
170804b xxu||||| |||| 00| 0 eng d
020
_a
9780240803067
041
_a
eng
080
_a
004
100
_a
33
101
_a
SHKI
245
_a
PRACTICAL RECORDING TECHNIQUES
_c
BARTLETT, J
942
_2
udc
_c
BK
999
_c
22670
_d
22670